| 000 | 00605nam a2200181 4500 | ||
|---|---|---|---|
| 003 | CO-ViMGA | ||
| 020 | _a9789583054303 | ||
| 040 |
_aCO-ViMGA _bspa _cCO-ViMGA |
||
| 082 | 0 | 4 |
_a823.6 _bSh24f |
| 100 | 1 |
_aShelley, Mary Wollstonecraft, _d1797-1851 _9403 |
|
| 245 | 1 | 0 |
_aFrankenstein : _bClasicos ingles-español / _cMary Shelley ; traduccion Gina Marcela Orozco Velasquez |
| 260 |
_aBogotá : _bPanamericana editorial, _c2017 |
||
| 300 |
_a64 paginas ; _bdibujos ; 22 cm. |
||
| 650 | 1 | 4 |
_aMonstruos _xNovela _9405 |
| 650 | 1 | 4 |
_aNovela de ciencia ficcion _9378 |
| 650 | 1 | 4 |
_aNovela inglesa _9404 |
| 942 |
_2ddc _cBK |
||
| 999 |
_c37221 _d37221 |
||